Revenue management [e resource : question paper] :(ESA) Fourth sem BBA-HEM degree exam, July 21 (UM19BH303) (Record no. 239026)
[ view plain ]
| 000 -LEADER | |
|---|---|
| fixed length control field | 00485nam a2200121Ia 4500 |
| 008 - FIXED-LENGTH DATA ELEMENTS--GENERAL INFORMATION | |
| fixed length control field | 231221s9999 xx 000 0 und d |
| 041 ## - LANGUAGE CODE | |
| Language code of text/sound track or separate title | English |
| 082 ## - DEWEY DECIMAL CLASSIFICATION NUMBER | |
| Classification number | QPHMUG21-10409 |
| 245 #0 - TITLE STATEMENT | |
| Title | Revenue management [e resource : question paper] :(ESA) Fourth sem BBA-HEM degree exam, July 21 (UM19BH303) |
| 260 ## - PUBLICATION, DISTRIBUTION, ETC. | |
| Date of publication, distribution, etc. | 2021 |
| Name of publisher, distributor, etc. | PES University |
| Place of publication, distribution, etc. | Bangalore |
| 650 ## - SUBJECT ADDED ENTRY--TOPICAL TERM | |
| Topical term or geographic name entry element | Food,Beverage,Management,Hotel,Management,,(Semester,Scheme),[e,paper],Fifth,BHM,degree,exam,,Dec,17,(UM15BH302) |
| 942 ## - ADDED ENTRY ELEMENTS (KOHA) | |
| Koha item type | Digital Library |
| Date last seen | Total checkouts | Full call number | Accession number | Uniform resource identifier | Price effective from | Category | Lost status | Damaged status | Department | Withdrawn status | Home library | Current library | Shelving location | Entry date | Grants | Currency symbol | Conversion rate | Discount |
|---|---|---|---|---|---|---|---|---|---|---|---|---|---|---|---|---|---|---|
| 26/01/2024 | QPHMUG21-10409 | DL10409 | digital/qp/E6RVdTDL10409.pdf | 26/01/2024 | Digital Library | Central Library | Central Library | Central Library | Central Library | HM | RS | 1 |
